000 00214nam a22000857a 4500
008 161230b xxu||||| |||| 00| 0 eng d
100 _92246
_aNCERT
245 _aMarigold English Books-1
260 _aNew Delhi
_bNCERT
_c2006
999 _c5133
_d5133